| 000 | 00482nam a22001577a 4500 | ||
|---|---|---|---|
| 005 | 20241012062519.0 | ||
| 008 | 241011b |||||||| |||| 00| 0 eng d | ||
| 020 | _a9781398831414 | ||
| 082 | _aDC 398.2 M999 2023 | ||
| 240 | _aThe myths and mythology collection. | ||
| 245 | _aMyths & legends from around the world. | ||
| 260 |
_aLondon : _bArcturus Publishing, Inc., _c©2023. |
||
| 300 |
_a254 pages : _billustrations ; _c19 cm. |
||
| 650 | 0 |
_aMythology. _913736 |
|
| 942 |
_2ddc _cDC |
||
| 999 |
_c22473 _d22473 |
||